Statistiques concernant 10 Compositeurs célèbres morts à Vienne

Cliquez ici pour prendre le quiz!

Statistiques générales

  • Ce quiz a été pris 11 fois
  • Le résultat moyen est 4 sur 10

Statistiques - réponses

Année de décèsNationalitéRéponse% Correct
1827AllemandeLudwig van Beethoven
91%
1791Autrichienne (Saint-Empire)Wolfgang Amadeus Mozart
91%
1741ItalienneAntonio Vivaldi
55%
1899AutrichienneJohann Strauss II
45%
1825VénitienneAntonio Salieri
36%
1897AllemandeJohannes Brahms
36%
1828AutrichienneFranz Schubert
18%
1809AutrichienneJoseph Haydn
18%
1787Bavaroise (Saint-Empire)Christoph Willibald Gluck
0%
1911AutrichienneGustave Mahler
0%

Distribution des résultats

Percentile par nombre de réponses

% des personnes avec chaque résultat

Votre développement - résultats

Vous n’avez pas pris ce quiz